00363nam a22001217a 4500999001900000020001500019100001500034245004000049260002900089300001100118942000700129952010500136 c262373d262372 a0064442551 aAlice Low  aThe Witch Who Was Afraid Of Witches aNew YorkbPantheonc1978 a47 pgs cBK 001040708FICa40404b40404cCHILDd2024-01-15l0pCL20211426r2024-01-15 00:00:00w2024-01-15yBK